Loading...
| Beliefs | 1 | 4 | 0 | 1 | 55 | 54 | 91.60 | 0 | 4 | 0.00 | 0.00 |
| 1 | 3 | 0 | 1 | 45 | 80 | 107.25 | 1 | 4 | 0.00 | 0.00 | |
| Science - Biology | 1 | 2 | 0 | 1 | 35 | 67 | 103.67 | 0 | 2 | 0.00 | 0.00 |
| Literature - British | 0 | 4 | 1 | 0 | 35 | 99 | 112.75 | 1 | 4 | 0.00 | 0.00 |
| History - European | 0 | 3 | 0 | 1 | 30 | 74 | 94.00 | 0 | 3 | 0.00 | 0.00 |
| Other Science: Astronomy | 1 | 1 | 0 | 0 | 25 | 52 | 67.50 | 0 | 2 | 0.00 | 0.00 |
| Science - Chemistry | 0 | 2 | 0 | 0 | 20 | 85 | 112.00 | 0 | 2 | 0.00 | 0.00 |
| Social Science | 0 | 3 | 2 | 0 | 20 | 101 | 111.33 | 0 | 2 | 0.00 | 0.00 |
| History - World | 1 | 0 | 0 | 0 | 15 | 46 | 46.00 | 1 | 1 | 0.00 | 0.00 |
| Philosophy | 0 | 2 | 1 | 0 | 15 | 80 | 120.00 | 0 | 2 | 0.00 | 0.00 |
| Current Events | 0 | 1 | 0 | 0 | 10 | 65 | 65.00 | 1 | 1 | 0.00 | 0.00 |
| Literature - European | 0 | 1 | 0 | 0 | 10 | 139 | 139.00 | 0 | 1 | 0.00 | 0.00 |
| Other Arts: Visual | 0 | 1 | 0 | 0 | 10 | 100 | 100.00 | 0 | 1 | 0.00 | 0.00 |
| Religion | 0 | 1 | 0 | 0 | 10 | 105 | 105.00 | 0 | 1 | 0.00 | 0.00 |
| Science - Physics | 0 | 1 | 0 | 0 | 10 | 95 | 95.00 | 0 | 1 | 0.00 | 0.00 |
| Fine Arts - Auditory | 0 | 1 | 1 | 0 | 5 | 96 | 96.00 | 0 | 0 | 0.00 | 0.00 |
| Literature - American | 0 | 1 | 1 | 0 | 5 | 109 | 109.00 | 0 | 1 | 0.00 | 0.00 |
| History - American | 0 | 0 | 1 | 0 | -5 | 0.00 | 0 | 0 | 0.00 | 0.00 |